Statistics for County Seats Of Oregon

Click here to take the quiz!

General Stats

  • This quiz has been taken 38 times
  • The average score is 29 of 36

Answer Stats

CountyCounty seat% Correct
ClatsopAstoria
100%
DeschutesBend
100%
BentonCorvallis
100%
LaneEugene
100%
KlamathKlamath Falls
100%
MultnomahPortland
100%
MarionSalem
100%
WascoThe Dalles
100%
JosephineGrants Pass
94%
LinnAlbany
88%
BakerBaker City
88%
JacksonMedford
88%
LincolnNewport
88%
ClackamasOregon City
88%
UmatillaPendleton
88%
WashingtonHillsboro
82%
UnionLa Grande
82%
YamhillMcMinnville
82%
_________Tillamook
82%
HarneyBurns
76%
____ _____Hood River
76%
LakeLakeview
76%
DouglasRoseburg
76%
ColumbiaSaint Helens
76%
CoosCoquille
71%
WallowaEnterprise
71%
CurryGold Beach
71%
JeffersonMadras
71%
PolkDallas
65%
WheelerFossil
65%
CrookPrineville
65%
GilliamCondon
59%
MalheurVale
59%
ShermanMoro
53%
GrantCanyon City
47%
MorrowHeppner
47%

Score Distribution

Percentile by Number Answered

Percent of People with Each Score

Your Score History

You have not taken this quiz